NHL 22 Top 50 Goalies - Statistics

General Stats
  • This quiz has been taken 84 times
  • The average score is 33 of 50
Answer Stats
Team Answer % Correct
Wild Fleury
95%
Canadiens Price
95%
Ducks Gibson
92%
Hurricanes Andersen
89%
Predators Saros
89%
Panthers Bobrovsky
87%
Jets Hellebuyck
87%
Kings Quick
84%
Bruins Ullmark
84%
Canucks Demko
83%
Kraken Grubauer
83%
Rangers Shesterkin
83%
Blues Binnington
81%
Flames Markstrom
81%
Oilers Smith
81%
Islanders Sorokin
81%
Islanders Varlamov
81%
Golden Knights Lehner
79%
Lightning Vasilevskiy
79%
Penguins Jarry
76%
Avalanche Kuemper
76%
Devils Blackwood
73%
Flyers Hart
71%
Senators Murray
71%
Capitals Samsonov
71%
Canadiens Allen
70%
Maple Leafs Campbell
67%
Stars Holtby
67%
Rangers Georgiev
65%
Stars Oettinger
65%
Maple Leafs Mrazek
63%
Blue Jackets Merzlikins
62%
Panthers Knight
59%
Hurricanes Raanta
59%
Penguins Desmith
56%
Avalanche Francouz
56%
Blue Jackets Korpisalo
54%
Sharks Reimer
54%
Wild Talbot
51%
Canucks Halak
44%
Blackhawks Lankinen
44%
Kings Petersen
44%
Red Wings Nedeljkovic
41%
Capitals Vanecek
40%
Kraken Driedger
38%
Stars Khudobin
38%
Predators Rittich
37%
Sharks Kahkonen
35%
Golden Knights Brossoit
27%
Devils Bernier
24%
No matching quizzes found
Score Distribution
Percent of People with Each Score
Percentile by Number Answered
Your Score History
You have not taken this quiz